00716nam a2200217 a 450000100060000000300080000600500170001400800410003103500190007204000340009104100080012508200220013310000240015524501130017926000430029230000360033550000200037150400300039165100490042170000280047042254BD-RjUL20211209053519.0160611s1954 nyua b 001 0 eng  a(BD-RjUL)42372 aDLCcDLCdDLCd(BD-RjUL)beng aeng00a327.73bSNA 1954  aSnyder, Richard C. 00aAmerican foreign policy :bformation, principles, and programs /cRichard C. Snyder , Edgar S. Furniss. Jr.  aNew York :bRinehart & company,c1954  axviii, 846 p. :bill. ;c24 cm. aIncludes index. aBibliography: p. 309-321. 0aUnited StatesxForeign relationsy1945-1989. aJr., Edgar S. Furniss.